Juneau International Airport Destinations (Juneau, AK, USA) - Map - Statistics

General Stats
  • This quiz has been taken 26 times
  • The average score is 4 of 19
Answers on the Map
Answers color-coded by a green-red scale on the quiz's map according to % correct below.
 
Answer Stats
Destination % Correct
Anchorage
100%
Seattle/Tacoma
100%
Ketchikan
43%
Sitka
43%
Skagway
26%
Haines
22%
Petersburg
22%
Yakutat
17%
Angoon
9%
Hoonah
9%
Elfin Cove
4%
Gustavus
4%
Kake
4%
Pelican
4%
Tenakee Springs
4%
Chatham
0%
Excursion Inlet
0%
Funter Bay
0%
Klawock
0%
No matching quizzes found
Score Distribution
Percent of People with Each Score
Percentile by Number Answered
Your Score History
You have not taken this quiz